| 000 | 00950nam a2200301 a 4500 | ||
|---|---|---|---|
| 999 |
_c152 _d152 |
||
| 001 | 011187803 | ||
| 003 | ALUPE UNIVERSITY | ||
| 005 | 20210604083550.0 | ||
| 008 | 500101s1995 enk 000 0 eng d | ||
| 015 | _aGB 95-10915 | ||
| 020 | _a9780555003039 | ||
| 035 | _aCURL **018991882668**(Cam) from wk071951 | ||
| 040 |
_aDLC _bDLC _cDLC |
||
| 049 |
_aCU _lb |
||
| 050 |
_aHD70 _b.E22 2008 |
||
| 092 | _aD0502196371 | ||
| 100 | 1 | _aEbert, Ronald J. | |
| 245 | 1 | 0 |
_aBusiness essentials / _cRonald J. Ebert, Ricky W. Griffin |
| 260 |
_aLondon : _bPrentice-Hall International, _cc1995 |
||
| 300 |
_axxvi, 547 p. : _bill. ; _c27 cm |
||
| 500 | _a"Prentice-Hall International Editions" | ||
| 504 | _aIncludes bibliographical references and index | ||
| 650 | 0 |
_aBusiness enterprises _zUnited States |
|
| 650 | 0 |
_aIndustrial management _zUnited States |
|
| 700 | 1 | _aGriffin, Ricky W. | |
| 942 |
_2lcc _cBK _nJO |
||